Provincies van de Benelux - Statistieken

Algemene statistieken
  • Deze quiz is 49 keer genomen
  • De gemiddelde score is 21 van 24
Antwoorden op de kaart
Antwoorden kleurgecodeerd door een groen-rode schaal op de quizkaart volgens % correct hieronder.
 
Antwoordstatistieken
Antwoord Bevolking % Correct
Limburg (België) 0,90m
97%
Limburg (Nederland) 1,13m
97%
Noord-Brabant 2,63m
97%
Noord-Holland 2,96m
97%
Zuid-Holland 3,80m
97%
Brussel 1,25m
94%
Friesland 0,66m
94%
Zeeland 0,39m
94%
Flevoland 0,44m
92%
Groningen 0,60m
92%
Groothertogdom Luxemburg 0,67m
92%
Provincie Luxemburg 0,30m
92%
Drenthe 0,50m
89%
Utrecht 1,39m
89%
Gelderland 2,13m
86%
Antwerpen 1,93m
83%
Overijssel 1,18m
83%
West-Vlaanderen 1,23m
83%
Luik 1,12m
78%
Oost-Vlaanderen 1,57m
78%
Namen 0,50m
75%
Vlaams-Brabant 1,20m
75%
Henegouwen 1,36m
72%
Waals-Brabant 0,41
69%
Geen overeenkomende quizzen gevonden
Scoreverdeling
Procent van Mensen met Elke Score
Percentiel versus Aantal Correcte Antwoorden
Uw Scoregeschiedenis
U heeft deze quiz nog niet genomen